000 01012nam a2200289Ia 4500
001 Para_8727
003 CHAP
008 220125s2003 xx 000 0 und d
010 _a205255
040 _cCHAP
090 _aPA TESIS 1721
100 _aRosas Jacobo, Francisco
_9100023
245 _aEvaluación de la efectividad de extractos de Tagetes spp., para el control de mosquita blanca en el cultivo de gerbera en Villa Guerrero, México /
_c por Francisco Rojas Jacobo
260 _aChapingo, Méx. :
_b el autor
300 _a55 h.
502 _aTesis (Ing. Agr. Esp. en Parasitología Agrícola) -- UACh. Departamento Parasitología Agrícola
650 _aGerbera
_x plagas
_947721
650 _aTrialeurodes vaporariorum
_9114900
710 _aUACh. Departamento Parasitología Agrícola
_9164025
901 _aPA TESIS 1721
902 _aA
905 _a0000002003 in 0000000000 00
910 _a2003
942 _cPARA
942 _cPARA
_d1
999 _c205255
_d205255